000 00630nam a2200205 4500
001 82956
003 BD-RjUL
005 20240205151345.0
008 240205s1905 ii ||||| |||| 00| 0 per d
035 _a(BD-RjUL)82956
040 _aBD-RjUL
_beng
_cBD-RjUL
041 _aper
082 _223
_a891.558
_bSHS 1905
100 1 0 _aالشيرازي, محمد كاظم ;; Shirazi, Muhammad Kazem
_911457
245 1 0 _aسهل اموز فارسي ;; sahl amwz fari /
_cمحمد كاظم الشيرازي ;; Muhammad Kazem Al-Shirazi
300 _aV. ;
_c22 cm
505 _aVol. 1.--
650 _aPersian Literature
942 _2ddc
_cBK
999 _c82956
_d82956